| Tag |
First Indicator |
Second Indicator |
Subfields |
| LEADER |
00000cam a2200000 a 4500 |
| 001 |
in00000028171 |
| 005 |
20151007060015.0 |
| 008 |
850116s1984 gw b 00110 ger d |
| 020 |
|
|
|a 3168447528
|
| 035 |
|
|
|a (OCoLC)11584533
|
| 035 |
|
|
|9 AAB9864AM
|
| 040 |
|
|
|a AZU
|c AZU
|d m/c
|d TXA
|d UtOrBLW
|
| 043 |
|
|
|a e-gx---
|
| 049 |
|
|
|a TXAM
|c [A11493336]
|
| 050 |
|
4 |
|a DD221
|b .W4 1984
|
| 100 |
1 |
|
|a Weber, Max,
|d 1864-1920.
|
| 245 |
1 |
0 |
|a Zur Politik im Weltkrieg :
|b Schriften und Reden 1914-1918 /
|c Max Weber ; herausgegeben von Wolfgang J. Mommsen in Zusammenarbeit mit Gangolf Hübinger.
|
| 264 |
|
1 |
|a Tübingen :
|b J.C.B. Mohr (Paul Siebeck),
|c 1984.
|
| 300 |
|
|
|a xviii, 864 pages ;
|c 24 cm.
|
| 336 |
|
|
|a text
|b txt
|2 rdacontent
|
| 337 |
|
|
|a unmediated
|b n
|2 rdamedia
|
| 338 |
|
|
|a volume
|b nc
|2 rdacarrier
|
| 490 |
1 |
|
|a Gesamtausgabe. Abteilung I: Schriften und Reden / Max Weber ;
|v Bd. 15
|
| 504 |
|
|
|a Includes bibliographical references and indexes.
|
| 651 |
|
0 |
|a Germany
|x Politics and government
|y 1888-1918.
|
| 700 |
1 |
|
|a Mommsen, Wolfgang J.,
|d 1930-
|
| 700 |
1 |
|
|a Hübinger, Gangolf.
|
| 800 |
1 |
|
|a Weber, Max,
|d 1864-1920.
|t Gesamtausgabe.
|n Abteilung I,
|p Schriften und Reden ;
|v Bd. 15.
|
| 999 |
|
|
|a MARS
|
| 999 |
f |
f |
|s a647eb9d-9a39-357e-8089-f0b1a4b9d61b
|i 2a790f18-c3eb-3489-8bb6-c8b91dcab77b
|t 0
|
| 952 |
f |
f |
|p ric
|a Texas A&M University
|b Rellis Campus
|c Joint Library Facility
|d Remote Storage
|t 0
|e DD221 .W4 1984
|h Library of Congress classification
|i unmediated -- volume
|m A14811493336
|
| 998 |
f |
f |
|a DD221 .W4 1984
|t 0
|l Remote Storage
|